| 000 | 00495nam a22001577a 4500 | ||
|---|---|---|---|
| 008 | 230428b |||||||| |||| 00| 0 eng d | ||
| 020 | _a81-224-0313-1 | ||
| 040 |
_aNational Science Library _cNational Science Library |
||
| 080 |
_a519.6:624 _bN1 |
||
| 100 |
_aAl-Rifaie, Wail N _97843 |
||
| 245 |
_aFinite element method for structural engineers: _b(A basic approach) |
||
| 260 |
_aNew Delhi: _bWiley Eastern Limited, _c1991 |
||
| 300 | _avii, 198p. | ||
| 650 | _aScience | ||
| 942 |
_2udc _cBK |
||
| 999 |
_c25032 _d25032 |
||